<?xml version="1.0" encoding="UTF-8"?>
<collection xmlns="http://www.loc.gov/MARC21/slim">
 <record>
  <leader>05730cam a2201033   4500</leader>
  <controlfield tag="001">300370121</controlfield>
  <controlfield tag="003">DE-627</controlfield>
  <controlfield tag="005">20250124001235.0</controlfield>
  <controlfield tag="007">tu</controlfield>
  <controlfield tag="008">990726s1999    gw |||||      00| ||ger c</controlfield>
  <datafield tag="015" ind1=" " ind2=" ">
   <subfield code="a">99,N32,0677</subfield>
   <subfield code="2">dnb</subfield>
  </datafield>
  <datafield tag="015" ind1=" " ind2=" ">
   <subfield code="a">99,A40,1081</subfield>
   <subfield code="2">dnb</subfield>
  </datafield>
  <datafield tag="016" ind1="7" ind2=" ">
   <subfield code="a">956346871</subfield>
   <subfield code="2">DE-101</subfield>
  </datafield>
  <datafield tag="020" ind1=" " ind2=" ">
   <subfield code="a">351858264X</subfield>
   <subfield code="c">Pp.: DM 98.00</subfield>
   <subfield code="9">3-518-58264-X</subfield>
  </datafield>
  <datafield tag="035" ind1=" " ind2=" ">
   <subfield code="a">(DE-627)300370121</subfield>
  </datafield>
  <datafield tag="035" ind1=" " ind2=" ">
   <subfield code="a">(DE-576)064025489</subfield>
  </datafield>
  <datafield tag="035" ind1=" " ind2=" ">
   <subfield code="a">(DE-599)DNB956346871</subfield>
  </datafield>
  <datafield tag="035" ind1=" " ind2=" ">
   <subfield code="a">(OCoLC)237360599</subfield>
  </datafield>
  <datafield tag="035" ind1=" " ind2=" ">
   <subfield code="a">(OCoLC)46355721</subfield>
  </datafield>
  <datafield tag="035" ind1=" " ind2=" ">
   <subfield code="a">(OCoLC)237360599</subfield>
  </datafield>
  <datafield tag="035" ind1=" " ind2=" ">
   <subfield code="a">(DE-604)8120746743</subfield>
  </datafield>
  <datafield tag="035" ind1=" " ind2=" ">
   <subfield code="a">(DE-478)952057912</subfield>
  </datafield>
  <datafield tag="040" ind1=" " ind2=" ">
   <subfield code="a">DE-627</subfield>
   <subfield code="b">ger</subfield>
   <subfield code="c">DE-627</subfield>
   <subfield code="e">rakwb</subfield>
  </datafield>
  <datafield tag="041" ind1=" " ind2=" ">
   <subfield code="a">ger</subfield>
   <subfield code="h">fre</subfield>
  </datafield>
  <datafield tag="044" ind1=" " ind2=" ">
   <subfield code="c">XA-DE</subfield>
   <subfield code="c">XA-DE-HE</subfield>
  </datafield>
  <datafield tag="084" ind1=" " ind2=" ">
   <subfield code="a">51</subfield>
   <subfield code="2">sdnb</subfield>
  </datafield>
  <datafield tag="084" ind1=" " ind2=" ">
   <subfield code="a">1</subfield>
   <subfield code="2">ssgn</subfield>
  </datafield>
  <datafield tag="084" ind1=" " ind2=" ">
   <subfield code="a">IE 1350</subfield>
   <subfield code="2">rvk</subfield>
   <subfield code="0">(DE-625)rvk/54950:</subfield>
  </datafield>
  <datafield tag="084" ind1=" " ind2=" ">
   <subfield code="a">CI 5570</subfield>
   <subfield code="2">rvk</subfield>
   <subfield code="0">(DE-625)rvk/18481:11797</subfield>
  </datafield>
  <datafield tag="084" ind1=" " ind2=" ">
   <subfield code="a">IH 1260</subfield>
   <subfield code="2">rvk</subfield>
   <subfield code="0">(DE-625)rvk/56485:</subfield>
  </datafield>
  <datafield tag="084" ind1=" " ind2=" ">
   <subfield code="a">EC 1820</subfield>
   <subfield code="2">rvk</subfield>
   <subfield code="0">(DE-625)rvk/20429:</subfield>
  </datafield>
  <datafield tag="084" ind1=" " ind2=" ">
   <subfield code="a">MS 8010</subfield>
   <subfield code="2">rvk</subfield>
   <subfield code="0">(DE-625)rvk/123807:</subfield>
  </datafield>
  <datafield tag="084" ind1=" " ind2=" ">
   <subfield code="a">MQ 3070</subfield>
   <subfield code="2">rvk</subfield>
   <subfield code="0">(DE-625)rvk/123426:11633</subfield>
  </datafield>
  <datafield tag="084" ind1=" " ind2=" ">
   <subfield code="a">17.73</subfield>
   <subfield code="2">bkl</subfield>
  </datafield>
  <datafield tag="084" ind1=" " ind2=" ">
   <subfield code="a">18.23</subfield>
   <subfield code="2">bkl</subfield>
  </datafield>
  <datafield tag="100" ind1="1" ind2=" ">
   <subfield code="a">Bourdieu, Pierre</subfield>
   <subfield code="d">1930-2002</subfield>
   <subfield code="0">(DE-588)118810758</subfield>
   <subfield code="0">(DE-627)198371527</subfield>
   <subfield code="0">(DE-576)16038723X</subfield>
   <subfield code="4">aut</subfield>
  </datafield>
  <datafield tag="240" ind1="1" ind2="4">
   <subfield code="a">Les règles de l'art &lt;dt.&gt;</subfield>
  </datafield>
  <datafield tag="245" ind1="1" ind2="4">
   <subfield code="a">Die Regeln der Kunst</subfield>
   <subfield code="b">Genese und Struktur des literarischen Feldes</subfield>
   <subfield code="c">Pierre Bourdieu. Übers. von Bernd Schwips und Achim Russer</subfield>
  </datafield>
  <datafield tag="250" ind1=" " ind2=" ">
   <subfield code="a">1. Aufl.</subfield>
  </datafield>
  <datafield tag="264" ind1=" " ind2="1">
   <subfield code="a">Frankfurt am Main</subfield>
   <subfield code="b">Suhrkamp</subfield>
   <subfield code="c">1999</subfield>
  </datafield>
  <datafield tag="300" ind1=" " ind2=" ">
   <subfield code="a">551 S.</subfield>
   <subfield code="b">graph. Darst.</subfield>
   <subfield code="c">20 cm</subfield>
  </datafield>
  <datafield tag="336" ind1=" " ind2=" ">
   <subfield code="a">Text</subfield>
   <subfield code="b">txt</subfield>
   <subfield code="2">rdacontent</subfield>
  </datafield>
  <datafield tag="337" ind1=" " ind2=" ">
   <subfield code="a">ohne Hilfsmittel zu benutzen</subfield>
   <subfield code="b">n</subfield>
   <subfield code="2">rdamedia</subfield>
  </datafield>
  <datafield tag="338" ind1=" " ind2=" ">
   <subfield code="a">Band</subfield>
   <subfield code="b">nc</subfield>
   <subfield code="2">rdacarrier</subfield>
  </datafield>
  <datafield tag="583" ind1="1" ind2=" ">
   <subfield code="a">Archivierung/Langzeitarchivierung gewährleistet</subfield>
   <subfield code="f">SSG</subfield>
   <subfield code="x">XA-DE-BW</subfield>
   <subfield code="2">pdager</subfield>
   <subfield code="5">DE-21</subfield>
  </datafield>
  <datafield tag="600" ind1="1" ind2="7">
   <subfield code="0">(DE-588)118533754</subfield>
   <subfield code="0">(DE-627)283822619</subfield>
   <subfield code="0">(DE-576)160961521</subfield>
   <subfield code="a">Flaubert, Gustave</subfield>
   <subfield code="d">1821-1880</subfield>
   <subfield code="2">gnd</subfield>
  </datafield>
  <datafield tag="630" ind1="0" ind2="4">
   <subfield code="a">L' éducation sentimentale</subfield>
  </datafield>
  <datafield tag="653" ind1=" " ind2="0">
   <subfield code="a">a</subfield>
   <subfield code="a">Literature</subfield>
   <subfield code="a">Philosophy</subfield>
  </datafield>
  <datafield tag="653" ind1=" " ind2="0">
   <subfield code="a">a</subfield>
   <subfield code="a">Literature and society</subfield>
  </datafield>
  <datafield tag="653" ind1=" " ind2="0">
   <subfield code="a">a</subfield>
   <subfield code="a">Politics and literature</subfield>
  </datafield>
  <datafield tag="689" ind1="0" ind2="0">
   <subfield code="d">u</subfield>
   <subfield code="0">(DE-588)4099182-9</subfield>
   <subfield code="0">(DE-627)10472773X</subfield>
   <subfield code="0">(DE-576)209349883</subfield>
   <subfield code="a">Flaubert, Gustave</subfield>
   <subfield code="d">1821-1880</subfield>
   <subfield code="t">L' éducation sentimentale</subfield>
   <subfield code="2">gnd</subfield>
  </datafield>
  <datafield tag="689" ind1="0" ind2="1">
   <subfield code="d">s</subfield>
   <subfield code="0">(DE-588)4167885-0</subfield>
   <subfield code="0">(DE-627)10468190X</subfield>
   <subfield code="0">(DE-576)209911816</subfield>
   <subfield code="a">Literatursoziologie</subfield>
   <subfield code="2">gnd</subfield>
  </datafield>
  <datafield tag="689" ind1="0" ind2=" ">
   <subfield code="5">DE-101</subfield>
  </datafield>
  <datafield tag="689" ind1="1" ind2="0">
   <subfield code="d">s</subfield>
   <subfield code="0">(DE-588)4167882-5</subfield>
   <subfield code="0">(DE-627)104688289</subfield>
   <subfield code="0">(DE-576)209911794</subfield>
   <subfield code="a">Literaturproduktion</subfield>
   <subfield code="2">gnd</subfield>
  </datafield>
  <datafield tag="689" ind1="1" ind2=" ">
   <subfield code="5">DE-101</subfield>
  </datafield>
  <datafield tag="689" ind1="2" ind2="0">
   <subfield code="d">s</subfield>
   <subfield code="0">(DE-588)4035964-5</subfield>
   <subfield code="0">(DE-627)106245015</subfield>
   <subfield code="0">(DE-576)209015608</subfield>
   <subfield code="a">Literatur</subfield>
   <subfield code="2">gnd</subfield>
  </datafield>
  <datafield tag="689" ind1="2" ind2="1">
   <subfield code="d">s</subfield>
   <subfield code="0">(DE-588)4049716-1</subfield>
   <subfield code="0">(DE-627)104675152</subfield>
   <subfield code="0">(DE-576)209083182</subfield>
   <subfield code="a">Rezeption</subfield>
   <subfield code="2">gnd</subfield>
  </datafield>
  <datafield tag="689" ind1="2" ind2="2">
   <subfield code="d">s</subfield>
   <subfield code="0">(DE-588)4074798-0</subfield>
   <subfield code="0">(DE-627)106088351</subfield>
   <subfield code="0">(DE-576)209195290</subfield>
   <subfield code="a">Milieu</subfield>
   <subfield code="2">gnd</subfield>
  </datafield>
  <datafield tag="689" ind1="2" ind2=" ">
   <subfield code="5">DE-101</subfield>
  </datafield>
  <datafield tag="689" ind1="3" ind2="0">
   <subfield code="d">s</subfield>
   <subfield code="0">(DE-588)4046449-0</subfield>
   <subfield code="0">(DE-627)106197959</subfield>
   <subfield code="0">(DE-576)209069651</subfield>
   <subfield code="a">Poetik</subfield>
   <subfield code="2">gnd</subfield>
  </datafield>
  <datafield tag="689" ind1="3" ind2=" ">
   <subfield code="5">DE-101</subfield>
  </datafield>
  <datafield tag="689" ind1="4" ind2="0">
   <subfield code="d">p</subfield>
   <subfield code="0">(DE-588)118810758</subfield>
   <subfield code="0">(DE-627)198371527</subfield>
   <subfield code="0">(DE-576)16038723X</subfield>
   <subfield code="a">Bourdieu, Pierre</subfield>
   <subfield code="d">1930-2002</subfield>
   <subfield code="2">gnd</subfield>
  </datafield>
  <datafield tag="689" ind1="4" ind2=" ">
   <subfield code="5">(DE-627)</subfield>
  </datafield>
  <datafield tag="700" ind1="1" ind2=" ">
   <subfield code="8">1\p</subfield>
   <subfield code="a">Schwibs, Bernd</subfield>
   <subfield code="d">1945-</subfield>
   <subfield code="0">(DE-588)132058464</subfield>
   <subfield code="0">(DE-627)517458373</subfield>
   <subfield code="0">(DE-576)298920395</subfield>
   <subfield code="4">oth</subfield>
  </datafield>
  <datafield tag="700" ind1="1" ind2=" ">
   <subfield code="a">Russer, Achim</subfield>
   <subfield code="0">(DE-588)1082445568</subfield>
   <subfield code="0">(DE-627)847501426</subfield>
   <subfield code="0">(DE-576)455430144</subfield>
   <subfield code="4">oth</subfield>
  </datafield>
  <datafield tag="700" ind1="1" ind2="2">
   <subfield code="a">Bourdieu, Pierre</subfield>
   <subfield code="d">1930-2002</subfield>
   <subfield code="t">Les règles de l'art &lt;dt.&gt;</subfield>
  </datafield>
  <datafield tag="856" ind1="4" ind2="2">
   <subfield code="u">http://www.gbv.de/dms/bs/toc/300370121.pdf</subfield>
   <subfield code="m">V:DE-601</subfield>
   <subfield code="m">B:DE-84</subfield>
   <subfield code="q">pdf/application</subfield>
   <subfield code="x">Verlag</subfield>
   <subfield code="y">Inhaltsverzeichnis</subfield>
   <subfield code="3">Inhaltsverzeichnis</subfield>
  </datafield>
  <datafield tag="856" ind1="4" ind2="2">
   <subfield code="u">https://swbplus.bsz-bw.de/bsz064025489rez.htm</subfield>
   <subfield code="m">V:DE-576</subfield>
   <subfield code="q">text/html</subfield>
   <subfield code="3">Rezension</subfield>
  </datafield>
  <datafield tag="883" ind1=" " ind2=" ">
   <subfield code="8">1</subfield>
   <subfield code="a">cgwrk</subfield>
   <subfield code="d">20241001</subfield>
   <subfield code="q">DE-101</subfield>
   <subfield code="u">https://d-nb.info/provenance/plan#cgwrk</subfield>
  </datafield>
  <datafield tag="935" ind1=" " ind2=" ">
   <subfield code="a">mteo</subfield>
  </datafield>
  <datafield tag="935" ind1=" " ind2=" ">
   <subfield code="i">Blocktest</subfield>
  </datafield>
  <datafield tag="936" ind1="r" ind2="v">
   <subfield code="a">IE 1350</subfield>
   <subfield code="b">Allgemeines (auch Geschichte der Poetik)</subfield>
   <subfield code="k">Romanistik</subfield>
   <subfield code="k">Französische Literatur i.A. und Französische Literatur im Mittelalter</subfield>
   <subfield code="k">Französische Literatur</subfield>
   <subfield code="k">Poetik, Dichtungs- und Literaturtheorie</subfield>
   <subfield code="k">Allgemeines (auch Geschichte der Poetik)</subfield>
   <subfield code="0">(DE-627)127106894X</subfield>
   <subfield code="0">(DE-625)rvk/54950:</subfield>
   <subfield code="0">(DE-576)20106894X</subfield>
  </datafield>
  <datafield tag="936" ind1="r" ind2="v">
   <subfield code="a">CI 5570</subfield>
   <subfield code="b">Primärliteratur</subfield>
   <subfield code="k">Philosophie</subfield>
   <subfield code="k">Geschichte der Philosophie</subfield>
   <subfield code="k">Geschichte der Philosophie des Abendlandes von Antike bis 20. Jahrhundert</subfield>
   <subfield code="k">Philosophie des 20. Jahrhunderts</subfield>
   <subfield code="k">Frankreich und französischsprachige Länder sowie Rumänien</subfield>
   <subfield code="k">Autoren</subfield>
   <subfield code="k">Bourdieu, Pierre</subfield>
   <subfield code="k">Primärliteratur</subfield>
   <subfield code="0">(DE-627)1323814779</subfield>
   <subfield code="0">(DE-625)rvk/18481:11797</subfield>
   <subfield code="0">(DE-576)253814774</subfield>
  </datafield>
  <datafield tag="936" ind1="r" ind2="v">
   <subfield code="a">IH 1260</subfield>
   <subfield code="b">Allgemeines</subfield>
   <subfield code="k">Romanistik</subfield>
   <subfield code="k">Französische Literatur im 20. und 21. Jahrhundert</subfield>
   <subfield code="k">Französische Literatur im 20. Jahrhundert</subfield>
   <subfield code="k">Poetik, Dichtungs- und Literaturtheorie</subfield>
   <subfield code="k">Allgemeines</subfield>
   <subfield code="0">(DE-627)1271103303</subfield>
   <subfield code="0">(DE-625)rvk/56485:</subfield>
   <subfield code="0">(DE-576)201103303</subfield>
  </datafield>
  <datafield tag="936" ind1="r" ind2="v">
   <subfield code="a">EC 1820</subfield>
   <subfield code="b">Allgemeines</subfield>
   <subfield code="k">Allgemeine und vergleichende Sprach- und Literaturwissenschaft. Indogermanistik. Außereuropäische Sprachen und Literaturen</subfield>
   <subfield code="k">Allgemeine und vergleichende Literaturwissenschaft.</subfield>
   <subfield code="k">Literaturtheorie, Literaturphilosophie, Literaturästhetik</subfield>
   <subfield code="k">Allgemeines</subfield>
   <subfield code="0">(DE-627)1270728873</subfield>
   <subfield code="0">(DE-625)rvk/20429:</subfield>
   <subfield code="0">(DE-576)200728873</subfield>
  </datafield>
  <datafield tag="936" ind1="r" ind2="v">
   <subfield code="a">MS 8010</subfield>
   <subfield code="b">Literatur</subfield>
   <subfield code="k">Soziologie</subfield>
   <subfield code="k">Spezielle Soziologien</subfield>
   <subfield code="k">Kunstsoziologie</subfield>
   <subfield code="k">Literatur</subfield>
   <subfield code="0">(DE-627)1271422956</subfield>
   <subfield code="0">(DE-625)rvk/123807:</subfield>
   <subfield code="0">(DE-576)201422956</subfield>
  </datafield>
  <datafield tag="936" ind1="r" ind2="v">
   <subfield code="a">MQ 3070</subfield>
   <subfield code="b">Primärliteratur</subfield>
   <subfield code="k">Soziologie</subfield>
   <subfield code="k">Einführung und Geschichte</subfield>
   <subfield code="k">Einzelne Autoren</subfield>
   <subfield code="k">Autoren B</subfield>
   <subfield code="k">Bourdieu, Pierre</subfield>
   <subfield code="k">Primärliteratur</subfield>
   <subfield code="0">(DE-627)1396419616</subfield>
   <subfield code="0">(DE-625)rvk/123426:11633</subfield>
   <subfield code="0">(DE-576)326419616</subfield>
  </datafield>
  <datafield tag="936" ind1="b" ind2="k">
   <subfield code="a">17.73</subfield>
   <subfield code="j">Literaturtheorie: Allgemeines</subfield>
   <subfield code="0">(DE-627)106422154</subfield>
  </datafield>
  <datafield tag="936" ind1="b" ind2="k">
   <subfield code="a">18.23</subfield>
   <subfield code="j">Französische Literatur</subfield>
   <subfield code="0">(DE-627)106405411</subfield>
  </datafield>
  <datafield tag="951" ind1=" " ind2=" ">
   <subfield code="a">BO</subfield>
  </datafield>
  <datafield tag="990" ind1=" " ind2=" ">
   <subfield code="a">Flaubert, Gustave / L' éducation sentimentale</subfield>
  </datafield>
  <datafield tag="990" ind1=" " ind2=" ">
   <subfield code="a">Literatursoziologie</subfield>
  </datafield>
  <datafield tag="990" ind1=" " ind2=" ">
   <subfield code="a">Literaturproduktion</subfield>
  </datafield>
  <datafield tag="990" ind1=" " ind2=" ">
   <subfield code="a">Literatur</subfield>
  </datafield>
  <datafield tag="990" ind1=" " ind2=" ">
   <subfield code="a">Rezeption</subfield>
  </datafield>
  <datafield tag="990" ind1=" " ind2=" ">
   <subfield code="a">Milieu</subfield>
  </datafield>
  <datafield tag="990" ind1=" " ind2=" ">
   <subfield code="a">Poetik</subfield>
  </datafield>
  <datafield tag="990" ind1=" " ind2=" ">
   <subfield code="a">Bourdieu, Pierre</subfield>
  </datafield>
  <datafield tag="999" ind1=" " ind2=" ">
   <subfield code="a">KXP-PPN300370121</subfield>
   <subfield code="e">3231354048</subfield>
  </datafield>
 </record>
</collection>
